00000000nam 2200000zi 4500
0019.946276
003CaOODSP
00520250121091740
006m     o  d f      
007cr cn|||||||||
008241218s1968    oncab|||ob   f000 0 eng d
040 |aCaOODSP|beng|erda|cCaOODSP
043 |an-cn---
0861 |aNR24-81/1968-1E-PDF
24500|aSupplement to the building code for the north / |cissued by the Associate Committee on the National Building Code of Canada, National Research Council.
264 1|aOttawa, Canada : |bNational Research Council, Associate Committee on the National Building Code of Canada, |c[1968]
300 |a1 online resource (181 pages) : |billustrations, maps + |eerrata (1 page)
336 |atext|btxt|2rdacontent
337 |acomputer|bc|2rdamedia
338 |aonline resource|bcr|2rdacarrier
500 |aDigitized edition from print [produced by National Research Council of Canada].
500 |a"NRC 13068."
500 |aSupplement to: Canada Building code for the North, 1968.
504 |aIncludes bibliographical references.
650 0|aBuilding laws|zCanada.
650 0|aBuilding|zCanada|xCold weather conditions.
650 6|aConstruction|xDroit|zCanada|vCodes.
650 6|aConstruction|zCanada|xConditions par temps froid.
7102 |aNational Research Council of Canada. |bAssociate Committee on the National Building Code, |eissuing body.
85640|qPDF|s9.66 MB|uhttps://publications.gc.ca/collections/collection_2024/cnrc-nrc/NR24-81-1968-1-eng.pdf|zBuilding code
85640|qPDF|s27 KB|uhttps://publications.gc.ca/collections/collection_2024/cnrc-nrc/NR24-81-1968-2-eng.pdf|zErrata